000 00534nam a2200193Ia 4500
005 20250508154336.0
008 008 250505s9999 xx 000 0 eng d
037 _aBooks to be hide in OPAC
040 _aFEDL
_beng
_cFEDL
041 _aeng
_2eng
084 _a372.1, ADL/O
_qFEDL
100 _aAdler Alfred
_987983
245 0 _aEducation of children
260 _aLondon, UK
_bGeorge Allen and Unwin Ltd
_c1935
300 _a309p
365 _aINR
_b10
942 _cHB
_h372.1, ADL/O
999 _c1349641
_d1349641